|
|
|
|
| LEADER |
00956nam a2200241 a 4500 |
| 001 |
19535 |
| 003 |
BD-DhAAL |
| 008 |
091110s19661930enk 000 0 eng d |
| 999 |
|
|
|c 5346
|d 5346
|
| 010 |
|
|
|a 2003009471
|
| 040 |
|
|
|a DLC
|c DLC
|d DLC
|d BD-DhAAL
|
| 082 |
0 |
0 |
|a 823.7
|2 20
|
| 100 |
1 |
|
|a Austen, Jane.
|9 40473
|
| 245 |
0 |
0 |
|a Persuasion /
|c with an introduction by Forrest Reid.
|
| 260 |
|
|
|a London :
|b Oxford University Press,
|c 1930 [reprinted 1960]
|
| 300 |
|
|
|a xiv, 290 pages ;
|c 26 cm.
|
| 490 |
0 |
|
|a The Worlds Classics.
|
| 541 |
1 |
|
|e 00019535
|
| 600 |
1 |
0 |
|a Austen, Jane,
|d 1775-1817.
|t Persuasion.
|9 40474
|
| 700 |
1 |
|
|a Reid, Forrest.
|9 40475
|
| 852 |
4 |
|
|a Ayesha Abed Library
|j General Stacks
|
| 942 |
|
|
|2 ddc
|c BK
|
| 952 |
|
|
|0 0
|1 0
|2 ddc
|4 0
|6 823_700000000000000_AUS
|7 0
|9 5208
|a BRACUL
|b BRACUL
|c GEN
|d 2009-11-05
|e Rupa Chakroborty
|l 6
|m 31
|o 823.7 AUS
|p 3010019535
|q 2026-06-02
|r 2026-02-23
|s 2026-02-23
|t 1
|w 2009-11-10
|y BK
|x Transferred from ENH to Ayesha Abed library on 20/12/2023
|